Measure and category
Saved in:
| Hovedforfatter: | |
|---|---|
| Format: | Bog |
| Sprog: | engelsk |
| Udgivet: |
Nueva York
Springer-Verlag
1971
|
| Serier: | Graduate Texts in Mathematics, 2
|
| Fag: | |
| Tags: |
Tilføj Tag
Ingen Tags, Vær først til at tagge denne postø!
|
MARC
| LEADER | 00000nam a2200000 a 4500 | ||
|---|---|---|---|
| 001 | UCP3022 | ||
| 003 | CL-VaPUC | ||
| 008 | 990604e19710000US |||||||||||||||||eng|d | ||
| 082 | 0 | 4 | |a 512.55 |b OXT |2 21 |
| 100 | |a Oxtoby, John C. |e author |9 430099 | ||
| 245 | 1 | 0 | |a Measure and category |
| 300 | |a 95 p | ||
| 942 | |c BK | ||
| 945 | |d 19990604 00:00:00 |a crobeson | ||
| 260 | |a Nueva York |b Springer-Verlag |c 1971 | ||
| 650 | 7 | |a CATEGORIAS |2 CL-VaPUC |9 370232 | |
| 650 | 0 | |a Espacios topológicos |9 360015 | |
| 650 | 7 | |a INTEGRALES DE RIEMANN |2 CL-VaPUC |9 426287 | |
| 650 | 7 | |a INTEGRACION DE LEBESGUE |2 CL-VaPUC |9 430100 | |
| 583 | |a last modification |c 19990604 00:00:00 |k Rodrigo Vera | ||
| 490 | 0 | |a Graduate Texts in Mathematics, 2 | |
| 999 | |c 281471 |d 281469 | ||
| 952 | |0 0 |1 0 |4 0 |6 512_550000000000000_OXT_1971 |7 0 |8 A |9 322219 |a BIBMAT |b BIBMAT |d 2019-11-20 |i 1347381 |o 512.55 OXT 1971 |p 1347381 |r 2025-01-07 |w 2019-11-20 |y BK |k MAT | ||
| 952 | |0 0 |1 0 |4 0 |6 512_550000000000000_OXT_1971 |7 0 |8 A |9 322220 |a BIBMAT |b BIBMAT |d 2019-11-20 |i 134739K |o 512.55 OXT 1971 |p 134739K |r 2025-01-07 |w 2019-11-20 |y BK |k MAT | ||